Logo BPK

Biblioteka

Politechniki Koszalińskiej

Korzyści i koszty członkostwa Polski w Unii Europejskiej : (Rekord nr 52463)

Szczegóły MARC
000 -ETYKIETA REKORDU
podpole kontrolne o stałej długości 00732nam a2200205 i 4500
001 - NUMER KONTROLNY REKORDU
pole kontrolne bg
020 ## - MIĘDZYNARODOWY ZNORMALIZOWANY NUMER KSIĄŻKI - ISBN
ISBN 8391035891
040 ## - ŹRÓDŁO KATALOGOWANIA
Instytucja, która utworzyła rekord BPK
041 0# - KOD JĘZYKA
Kod języka tekstu pol
080 ## - UNIWERSALNA KLASYFIKACJA DZIESIĘTNA - UKD
UKD 338.22(438)"1989/...":[339.923:061.1A/Z](4-67)"1989/..."
920 ## - Międzynarodowy znormalizowany numer książki – ISBN
ISBN 83-910358-9-1
008 - POLE O STAŁEJ DŁUGOŚCI - DANE KONTROLNE
podpole kontrolne o stałej długości s pl f |000 0 pol
245 00 - TYTUŁ/ODPOWIEDZIALNOŚĆ
Tytuł Korzyści i koszty członkostwa Polski w Unii Europejskiej :
Ciąg dalszy tytułu synteza raportu /
Pozostałe elementy strefy tytułu i oznaczenia odpowiedzialności [oprac. i red. Katarzyna Grubiel-Chołdzyńska et al.].
260 ## - STREFA ADRESU WYDAWNICZEGO
Miejsce wydania Warszawa :
Nazwa wydawcy/dystrybutora Centrum Europejskie Natolin,
Data publikacji, dystrybucji/powstania dokumentu 2003.
300 ## - STREFA OPISU FIZYCZNEGO
Objętość 69, [1] s. ;
Rozmiary 24 cm.
610 29 - HASŁO PRZEDMIOTOWE W FORMIE NAZWY CIAŁA ZBIOROWEGO
Nazwa ciała zbiorowego lub nazwa geograficzna Unia Europejska
Określnik ogólny a Polska
-- gospodarka
651 #9 - HASŁO PRZEDMIOTOWE W FORMIE NAZWY GEOGRAFICZNEJ
Nazwa geograficzna Polska
Określnik ogólny a Unia Europejska
-- gospodarka
700 1# - HASŁO DODATKOWE - NAZWA OSOBOWA
Nazwa osobowa GURBIEL-CHOŁDZYŃSKA, Katarzyna.
Określenie związku między hasłem a opisywanym materiałem Oprac.
856 ## - LOKALIZACJA I DOSTĘP DO ELEKTRONICZNYCH DOKUMENTÓW ZDALNYCH
Link (URL) http://koha.tu.koszalin.pl/cgi-bin/koha/opac-detail.pl?biblionumber=52463
Tekst linku Katalog online BPK
942 ## - DODATKOWE ELEMENTY (KOHA)
Typ dokumentu Książka
Egzemplarze
Wycofany Status egzemplarza Uszkodzony Dostępność Lokalizacja stała Lokalizacja bieżąca Miejsce przechowywania Sygnatura Kod kreskowy Typ dokumentu
      Dostępny Biblioteka Politechniki Koszalińskiej Biblioteka Politechniki Koszalińskiej Wypożyczalnia BG 80846 02331331 Książka
      Dostępny Biblioteka Politechniki Koszalińskiej Biblioteka Politechniki Koszalińskiej Wypożyczalnia BG 80847 02331324 Książka
      Dostępny Biblioteka Politechniki Koszalińskiej Biblioteka Politechniki Koszalińskiej Wypożyczalnia BG 80848 02331317 Książka
      Tylko na miejscu Biblioteka Politechniki Koszalińskiej Biblioteka Politechniki Koszalińskiej Czytelnia Wydziałowa ul. Kwiatkowskiego 6e 80849 02331300 Książka
© 2023 Biblioteka Politechniki Koszalińskiej :: KOHA